Beyers v SoS Environment and Uttlesford DC (Record no. 67445)
[ view plain ]
| 000 -LEADER | |
|---|---|
| fixed length control field | 01059cam a2200181 4500 |
| 001 - CONTROL NUMBER | |
| control field | X113240 |
| 008 - FIXED-LENGTH DATA ELEMENTS--GENERAL INFORMATION | |
| fixed length control field | 000000n2001 000 0 eng u |
| 035 ## - SYSTEM CONTROL NUMBER | |
| System control number | (Sirsi) u113240 |
| 245 ## - TITLE STATEMENT | |
| Title | Beyers v SoS Environment and Uttlesford DC |
| 260 ## - PUBLICATION, DISTRIBUTION, ETC. | |
| Date of publication, distribution, etc. | 2001 |
| 490 ## - SERIES STATEMENT | |
| Series statement | Property, Planning and Compensation Reports |
| Volume/sequential designation | [2001] 82 P&CR 39-51(13) |
| 520 ## - SUMMARY, ETC. | |
| Summary, etc. | QBD 31 August 2001. Tree Preservation Order. Town and Country Planning (Tree Preservation Order) Regulations 1969 arts 5 and 9. Refusal of consent to fell tree Certification that tree has outstanding or special amenity value. Form and timing of certification. Whether reasons required for refusal of consent. Whether decision-maker required to take into account other consents when issuing certificate under Art 5 (Taken from headnote) |
| 650 ## - SUBJECT ADDED ENTRY--TOPICAL TERM | |
| Topical term or geographic name entry element | BEYERS V SOS TRANSPORT AND UTTLESFORD DC |
| 650 ## - SUBJECT ADDED ENTRY--TOPICAL TERM | |
| Topical term or geographic name entry element | TREE PRESERVATION ORDER |
| 650 ## - SUBJECT ADDED ENTRY--TOPICAL TERM | |
| Topical term or geographic name entry element | TOWN AND COUNTRY PLANNING (TREE PRESERVATION ORDER) REGULATIONS 1969 |
| 690 ## - LOCAL SUBJECT ADDED ENTRY--TOPICAL TERM (OCLC, RLIN) | |
| Topical term or geographic name as entry element | ENVIRONMENTAL AND LAND CONSULTANCY-PLANNING AND DEVELOPMENT |
| 942 ## - ADDED ENTRY ELEMENTS (KOHA) | |
| Suppress in OPAC | 0 |
| Withdrawn status | Lost status | Source of classification or shelving scheme | Damaged status | Not for loan | Home library | Current library | Shelving location | Date acquired | Total Checkouts | Full call number | Barcode | Date last seen | Copy number | Price effective from | Koha item type |
|---|---|---|---|---|---|---|---|---|---|---|---|---|---|---|---|
| Dewey Decimal Classification | London | London | Journal article | 22/06/2001 | X113240) | 113240-1001 | 06/08/2019 | 1 | 06/08/2019 | Law report |